Regionen von Namibia - Statistiken

Allgemein
  • Dieses Quiz wurde 8 mal gespielt
  • Das Durchschnittsergebnis liegt bei 2 aus 14
Antworten auf der Karte
Die Antworten werden auf der Karte rot bzw. grün angezeigt, abhängig davon wie oft sie richtig erraten wurden.
 
Antwortstatistiken
Antwort % Korrekt
Sambesi
80%
Khomas
60%
Erongo
40%
Ohangwena
40%
Oshana
20%
Hardap
0%
Kavango-Ost
0%
Kavango-West
0%
ǁKharas
0%
Kunene
0%
Omaheke
0%
Omusati
0%
Oshikoto
0%
Otjozondjupa
0%
Keine übereinstimmenden Quizze gefunden
Verteilung der Resultate
Anzahl Personen mit jedem Resultat
Perzentil nach korrekt beantworteten Fragen
Ihre Resultats-Entwicklung
Sie haben dieses Quiz noch nicht gespielt